La source grecque

Gardado en:
Detalles Bibliográficos
Autor Principal: Weil, Simone
Formato: Libro
Idioma:Undetermined
Publicado: París, Francia Gallimard 1953
Materias:
Etiquetas: Engadir etiqueta
Sen Etiquetas, Sexa o primeiro en etiquetar este rexistro!

MARC

LEADER 00000nam a2200000Ia 4500
008 170316s9999 xx 000 0 und d
040 |a cru BVZT 
090 |a 880 W-3s 
100 |a Weil, Simone 
245 |a La source grecque 
260 |a París, Francia 
260 |b Gallimard 
260 |c 1953 
300 |a 172 páginas 
650 |a LITERATURA GRIEGA 
999 |c 11992  |d 11992 
942 |c 15 D  |h 880 W-3s  |2 z